书目信息 |
| 题名: |
南北朝史话
|
|
| 作者: | 程应镣 著 | |
| 分册: | ||
| 出版信息: | 北京 北京出版社 1979.10 |
|
| 页数: | 166页 | |
| 开本: | 20cm | |
| 丛书名: | ||
| 单 册: | ||
| 中图分类: | K239.09 | |
| 科图分类: | ||
| 主题词: | 中国--古代史--封建社会 | |
| 电子资源: | ||
| ISBN: | ||
| 000 | 00520nam0 2200193 45 | |
| 001 | 0312221749 | |
| 005 | 20060727112447.45 | |
| 010 | @dCNY0.49 | |
| 091 | @a11071.124 | |
| 100 | @a20031222d1979 km y0chiy0120 ea | |
| 101 | @achi | |
| 200 | 1 | @a南北朝史话@ANan Bei Chao Shi Hua@f程应镣著@FCheng Ying Liao Zhu |
| 210 | @a北京@c北京出版社@d1979.10 | |
| 215 | @a166页@d20cm | |
| 606 | 0 | @a中国@x古代史@x封建社会 |
| 690 | @aK239.09@v3 | |
| 701 | 0 | @a程应镣@4著 |
| 801 | @aCN@bTSTCL@c20060727 | |
| 905 | @dK239.09@e33@f1@b177459 | |
| 南北朝史话/程应镣著.-北京:北京出版社,1979.10 |
| 166页;20cm |
| ISBN :CNY0.49 |
| ● |
| 相关链接 |
|
|
|
|
正题名:南北朝史话
索取号:K239.09/33
 
预约/预借
| 序号 | 登录号 | 条形码 | 馆藏地/架位号 | 状态 | 备注 |
| 1 | 0177457 | 001587018 | 第二借阅区/ [索取号:K239.09/33] | 在馆 | |
| 2 | 0177458 | 001587054 | 密集书库/ [索取号:K239.09/33] | 在馆 | |
| 3 | 0177459 | 000639385 | 第二借阅区/ [索取号:K239.09/33] | 在馆 | |
| 4 | 0177460 | 202378818 | 密集书库/ [索取号:K239.09/33] | 在馆 | |
| 5 | 0177461 | 000639358 | 第二样本阅览室/ [索取号:K239.09/33] | 在馆 | |
| 6 | 0436629 | 204366293 | 密集书库/ [索取号:K239.09/33] | 在馆 |